Varšavská jeseň '99

Podrobná bibliografia
Hlavný autor: (dp) (Autor)
Médium: Článok
Jazyk:slovenčina
Fyzický popis:Obr.
ISSN:0862-5999
Predmet:

MARC

LEADER 00000nab a2200000 a 4500
001 vtls000678200
003 SK-MaSNL
005 20260302190021.0
008 140422c1999 xo 0 slo
015 |a SNBRB1999/10-22238 
035 |a CLN000030369 
040 |a SNKBUCL  |b slo  |c SNKBUCL  |e AACR2 
041 0 |a slo 
044 |a xo  |c SK 
080 |a 82:061.7  |2 1997 
080 |a 884:061.7  |2 1997 
100 0 |a (dp)  |4 aut  |9 882232 
245 1 0 |a Varšavská jeseň '99  |c [autor] (dp) 
300 |b Obr. 
600 1 7 |a Słowacki, Juliusz,  |d 1809-1849  |2 snkbucl  |9 200249 
611 1 7 |a Varšavská jeseň poézie  |n 28.  |d 1999  |c Varšava, Poľsko  |2 snkbucl  |9 903474 
655 7 |a články z novín a časopisov  |2 snkbucl  |9 267496 
773 0 |t Literárny týždenník  |g Roč. 12, č. 39 (1999), s. 2  |x 0862-5999 
850 |a Slovenská národná knižnica v Martine 
852 |a SNK  |b KIS3GCP 
958 |a LX 
958 |a PL 
992 |a RBX 
999 |c 1431809  |d 1433739